000 00573nam a2200193 i 4500
001 55260
003 ES-MaACL
005 20250828032805.0
007 t|
008 030916s1931 fr ||||1| fre d
100 1 _aDemeny, Georges.
_943635
245 1 4 _aLes bases scientifiques de l'education physique /
_cpar Georges Demeny.
250 _a8e ed.
260 _aParis :
_bFélix Alcan,
_c1931 (
_eEvreux :
_fCh. Herissey)
300 _a335 p. :
_bil. ;
_c23 cm.
650 7 _aEducación física
_2embne
_9164269
852 _aES-MaACL
_jA-1962
999 _c55260
_d55260